Monetary relations of France and Germany – impact on Eurozone
Francúzsko - nemecké vzťahy od nástupu finančnej krízy v roku 2008. Kľúčové problémy budúceho smerovania európskej ekonomiky a pozícia ostatných štátov EÚ v tomto vývoji.
Salvato in:
| Autore principale: | |
|---|---|
| Altri autori: | |
| Natura: | Capitolo di libro |
| Lingua: | inglese |
| Soggetti: | |
| Tags: |
Nessun Tag, puoi essere il primo ad aggiungerne!!
|
MARC
| LEADER | 00000nla a2200000 4500 | ||
|---|---|---|---|
| 001 | 0193291 | ||
| 005 | 20240417075049.6 | ||
| 041 | 0 | |a eng | |
| 044 | |a CZ | ||
| 245 | 1 | 0 | |a Monetary relations of France and Germany – impact on Eurozone |c Vladan Hodulák, Oldřich Krpec |
| 520 | |a Francúzsko - nemecké vzťahy od nástupu finančnej krízy v roku 2008. Kľúčové problémy budúceho smerovania európskej ekonomiky a pozícia ostatných štátov EÚ v tomto vývoji. | ||
| 610 | 2 | 0 | |a Európska únia |
| 610 | 2 | 0 | |a Nemecko |
| 610 | 2 | 0 | |a Francúzsko |
| 610 | 2 | 0 | |a politika menová |
| 610 | 2 | 0 | |a eurozóna |
| 610 | 2 | 0 | |a politika kohézna |
| 610 | 2 | 0 | |a bezpečnosť ekonomická |
| 100 | 1 | |a Hodulák, Vladan | |
| 700 | 1 | |a Krpec, Oldřich | |